000 01111nam a22002657a 4500
005 2010101908158.0
008 101019t xxu||||| |||| 00| 0 hin d
010 _aHIN-94100
020 _c400.00
_a9788177113310
035 _aHN-66446
037 _bDBAD / PUB
040 _aDPL
_bHN
082 _a920
100 _923632
_aपाण्डेय,रमाकान्त 'अकेले'
245 _aबलिदानी गौरव गाथाएँ /
_cरमाकान्त पाण्डेय 'अकेले'
260 _aजयपुर
_bसाहित्यागार
_c2012
270 _aधामाणी मार्केट की गली, चौडा़ रास्ता
_bजयपुर
_k0141-2310785
300 1 _a263पृ.
_c22सेमी (सजिल्द)
650 _9657
650 _934273
700 _934278
710 _934811
942 _2ddc
_cHN
_h920
_mपाण्डेय
999 _c57158
_d57158